| 000 | 00784cab a2200241 4500 | ||
|---|---|---|---|
| 001 | WB3036-07 | ||
| 008 | 090401t1994 xxu||||| |||| 00| 0 eng d | ||
| 035 | _a(Sirsi) u58084 | ||
| 041 | _aeng | ||
| 245 | _aMonopoly rule | ||
| 260 | _c1994 | ||
| 350 | _a0 | ||
| 490 |
_aEstates Times _v(1250) 23 September 1994, 4(1) |
||
| 520 | _aBuilding surveyors are asking the EC to change a directive which requires all building designers to be registered with ARCUK which, it is alleged bans all but architects from working in Europe. | ||
| 650 | _aARCUK | ||
| 650 | _aBUILT ENVIRONMENT-CONSTRUCTION DESIGN | ||
| 650 | _aBUILDING SURVEYORS | ||
| 650 | _aEC DIRECTIVE | ||
| 650 | _aEUROPE | ||
| 690 | _aBUILT ENVIRONMENT-BUILDING INSPECTION | ||
| 942 | _n0 | ||
| 948 | _c04/03/1997 | ||
| 999 |
_c35436 _d35436 |
||